Регионална библиотека "Любен Каравелов" - Русе

Автомобилно състезание на писта "Приста - 89" (Запис номер 446962)

MARC детайли
000 -Лидер
Контролно поле с фиксирана дължина 01213nam a2200265 a 4500
003 - Код на организацията, давaща контролен номер
Контролно поле BLK
005 - Дата и час на последна редакция
Контролно поле 20230808085551.0
008 - Елементи от данни с фиксирана дължина
fixed length control field 220302b bu |||||r|||| 00| | bu d
040 ## - Източник на каталожния запис
Идентификатор на билиотеката - собственик на записа BLK
041 ## - Код за език
Код за езика на текст/звукозапис или на отделно заглавие Български
Код за езика КДБФ Български
080 ## - УДК
Текстов определител УДК Автомобилен спорт
УДК код - определител по УДК 796.71
УДК определител (062)
УДК - код + определител 796.71(062)
139 ## - Редно поле
Авторски знак Авт - А 22
245 ## - Сведения за заглавието
Заглавие Автомобилно състезание на писта "Приста - 89"
Подзаглавни данни II кръг от републиканския шампионат : Русе, 17-18 юни 1989 : Програма
Физически носител (вид на носителя) [Малотир. изд.]
260 ## - Област на издателските данни
9 (RLIN) 441842
Място на издаване, разпространение и проч. Русе
Име на издателя, разпространителя и проч. б. и.
Година на издаване 1989
300 ## - Физическа характеристика
Страници 9 с.
Размери/Мащаб 21 см
380 ## - Жанр
Жанр 793/799 Спорт
500 ## - Общи забележки
Забележка Организатори : Българска федерация по автомобилен спорт - София; Съюз на българските автомобилисти - Общински съвет - Русе; ДФ "Мототехника" - поделение Русе
653 #7 - Ключова дума – ненормативна
9 (RLIN) 180353
Ключова дума автомобилен спорт
653 #7 - Ключова дума – ненормативна
9 (RLIN) 197888
Ключова дума състезания
852 ## - Местоположение
Систематично-азбучна сигнатура К 796/799/А 22
999 ## - СИСТЕМНИ КОНТРОЛНИ НОМЕРА
Koha biblionumber 446962
Koha biblioitemnumber 446962
942 ## - АРТИКУЛИ
Вид на библиотечния материал Книги
Скрит в OPAC Не
Периодичен библиозапис Да
Koha issues (borrowed), all copies 1
944 ## - СЪЗДАВАНЕ И РЕДАКЦИЯ на ЗАПИСА
Създаване/Редакция Създаване
Дата на регистрацията/редакция 2022-03-02
Служител, извършил регистрацията/редакцията 30570
Статус, дата на статуса Моника Янева
999 ## - СИСТЕМНИ КОНТРОЛНИ НОМЕРА
Koha biblioitemnumber 446962
999 ## - СИСТЕМНИ КОНТРОЛНИ НОМЕРА
Koha biblioitemnumber 446962
Наличности
Код за отписване Код за изгубен артикул Източник на класификационната схема Код за повреда Коз за рестрикции Код за отдаване Артикулен № Име на библиотеката - собственик Име на библиотеката, в която се намира в момента Статус (Текущо местоположение) Дата на вписване в системата Местоположение - отдел Цена в лева Систематично азбучна сигнатура Баркод Цена в евро Служебен тип на артикула
  Не е изгубен Universal Decimal Classification Не е повреден само за читалня ползва се в читалня 874771 Регионална библиотека "Любен Каравелов" Русе Регионална библиотека "Любен Каравелов" Русе Краезнание 2022-03-10 Краезнание 1.00 К 796/799/А 22 120000867830 0.51 Книги
Vip Innovations Ltd, Rousse, Bulgaria 2025